[Event "Lichtenberger Sommer 2024"]
[Site "Berlin"]
[Date "2024.08.14"]
[Round "5.25"]
[White "Buttkus, Andre"]
[Black "Schulz, Jannis"]
[Result "1/2-1/2"]
[WhiteElo "2005"]
[BlackElo "1897"]
[PlyCount "110"]
[EventDate "2024.08.10"]
[WhiteTeam "SK Tempelhof 1931 e.V."]
[BlackTeam "Barnimer SF im SV Sta"]

1. d4 d5 2. c4 dxc4 3. e4 e5 4. Nf3 Bb4+ 5. Bd2 Bxd2+ 6. Nbxd2 exd4 7. Bxc4 Nc6
8. O-O Nge7 9. Qb3 O-O 10. Qb5 Ng6 11. Bd5 a6 12. Qc4 Nce7 13. Qxd4 Nf4 14. Bc4
b5 15. Qe3 Neg6 16. Bb3 Nd3 17. Bd5 Rb8 18. Qxd3 c6 19. Bxf7+ Kxf7 20. Qxd8
Rxd8 21. Rac1 Bb7 22. g3 h6 23. Nb3 Rd3 24. Nfd4 c5 25. Rxc5 Bxe4 26. f3 Ba8
27. Rc7+ Kg8 28. Nf5 Ne5 29. Rfc1 Nxf3+ 30. Kf2 Rf8 31. Rxg7+ Kh8 32. Re7 Ng5
33. Ke2 Rdd8 34. Nbd4 Be4 35. g4 h5 36. h4 Bxf5 37. Nxf5 Nh3 38. Rcc7 Rde8 39.
gxh5 Rxe7+ 40. Nxe7 Rf6 41. Ng6+ Kg8 42. Ke3 Nf2 43. Kd4 Ng4 44. Kc5 Rf2 45.
Rc6 a5 46. Kxb5 Rxb2+ 47. Kxa5 Rxa2+ 48. Kb6 Rb2+ 49. Kc7 Rb5 50. Nf4 Kf7 51.
Rg6 Nf6 52. Rg5 Rb4 53. Rf5 Ke7 54. Re5+ Kf7 55. Rf5 Ke7 1/2-1/2

[Event "Lichtenberger Sommer 2024"]
[Site "Berlin"]
[Date "2024.08.14"]
[Round "5.26"]
[White "Krefenstein, Sergej"]
[Black "Geyler, Stefan"]
[Result "1-0"]
[WhiteElo "2004"]
[BlackElo "1886"]
[PlyCount "87"]
[EventDate "2024.08.10"]
[WhiteTeam "TuS Makkabi Berlin e.V."]
[BlackTeam "BSG 1827 Eckbauer e.V."]

1. e4 c5 2. Nf3 d6 3. Bc4 Nf6 4. d3 e6 5. Bb3 Be7 6. O-O O-O 7. c3 b6 8. Re1
Bb7 9. Nbd2 Nc6 10. a3 Rc8 11. Nf1 Re8 12. Qe2 Nd7 13. h3 Nf8 14. Ng3 Ng6 15.
Nh5 Qc7 16. Bd2 Ba6 17. Bc2 Nb8 18. Qe3 Bf8 19. Nh2 Qe7 20. Rf1 Nd7 21. Rae1
Nf6 22. Ng3 Qc7 23. Qe2 h6 24. f4 Kh8 25. Qf3 Nh4 26. Qf2 Ng6 27. f5 Ne5 28. c4
Ng8 29. Bc3 b5 30. b3 Rb8 31. Nh5 Bc8 32. g4 Be7 33. Re2 Nf6 34. Nf4 Bd7 35.
Qg3 Nh7 36. Rg2 Qd8 37. Be1 Nc6 38. Nf3 Bf6 39. Nh5 Nd4 40. Nxf6 Nxc2 41. Nxe8
Nxe1 42. Nxd6 Nxf3+ 43. Rxf3 Qf8 44. Nxf7+ 1-0

[Event "Lichtenberger Sommer 2024"]
[Site "Berlin"]
[Date "2024.08.14"]
[Round "5.27"]
[White "Lorenz, Veronika"]
[Black "Hoffmann, Kay"]
[Result "0-1"]
[WhiteElo "1884"]
[BlackElo "2001"]
[PlyCount "72"]
[EventDate "2024.08.10"]
[WhiteTeam "TSG Oberschöneweide e.V."]
[BlackTeam "Barnimer SF im SV Sta"]

1. e4 e5 2. Nf3 Nf6 3. Nxe5 d6 4. Nf3 Nxe4 5. Nc3 Nxc3 6. dxc3 Be7 7. Be3 Nd7
8. Qd2 c6 9. O-O-O O-O 10. Kb1 d5 11. h4 Nc5 12. c4 Ne4 13. Qc1 Qa5 14. cxd5
cxd5 15. Nd4 Be6 16. Bd3 Nc5 17. h5 Bf6 18. f3 Rac8 19. g4 b5 20. g5 Bxd4 21.
Bxd4 Nxd3 22. Rxd3 Bf5 23. Rc3 b4 24. Rxc8 Rxc8 25. Rh2 b3 26. axb3 Qb5 27. Qe3
Re8 28. Qc3 Qf1+ 29. Ka2 Re1 30. b4 Qa6+ 31. Kb3 Re8 32. h6 Bd7 33. Qd3 Bb5 34.
Qf5 Ba4+ 35. Kc3 Qc4+ 36. Kd2 Qxd4+ 0-1

[Event "Lichtenberger Sommer 2024"]
[Site "Berlin"]
[Date "2024.08.14"]
[Round "5.28"]
[White "Guenther, Thomas"]
[Black "Liu, Jonas"]
[Result "1-0"]
[WhiteElo "1996"]
[BlackElo "1870"]
[PlyCount "91"]
[EventDate "2024.08.10"]
[WhiteTeam "vereinslos"]
[BlackTeam "SV Königsjäger Süd-West e.V."]

1. Nf3 Nf6 2. e3 d5 3. b3 Bf5 4. Bb2 e6 5. h3 a6 6. Nh4 Bg6 7. Nxg6 hxg6 8. d3
c5 9. Nd2 Nc6 10. g3 g5 11. Bg2 Qc7 12. a3 Bd6 13. O-O O-O-O 14. Qe2 e5 15. e4
d4 16. Nc4 Kb8 17. Bc1 Nh7 18. Nxd6 Rxd6 19. f4 gxf4 20. gxf4 f6 21. f5 Qf7 22.
Qg4 Nf8 23. Kh2 g6 24. fxg6 Nxg6 25. Bf3 Rdd8 26. Qg3 Rdg8 27. Bg4 Nge7 28. Qf3
Qh7 29. Bd2 Nd8 30. Rg1 Nf7 31. Rg3 Qh4 32. Rag1 Nh6 33. Be6 Rf8 34. Rg7 Nhg8
35. R1g3 Ka7 36. Bxg8 Nxg8 37. Qf5 Nh6 38. Qd7 Rb8 39. Ba5 Rhg8 40. Bc7 Rxg7
41. Bxb8+ Kxb8 42. Qxg7 Ka7 43. Rf3 a5 44. Qg3 Qh5 45. Rxf6 Nf7 46. Qf3 1-0

[Event "Lichtenberger Sommer 2024"]
[Site "Berlin"]
[Date "2024.08.14"]
[Round "5.29"]
[White "Shvedchikov, Sergei"]
[Black "Kuban, Andreas"]
[Result "0-1"]
[WhiteElo "1993"]
[BlackElo "1866"]
[PlyCount "122"]
[EventDate "2024.08.10"]
[WhiteTeam "vereinslos"]
[BlackTeam "SSV Rotation Berlin e.V."]

1. e4 c5 2. c3 Nf6 3. e5 Nd5 4. d4 cxd4 5. cxd4 d6 6. Nf3 Nc6 7. Bc4 dxe5 8.
dxe5 Ndb4 9. Qxd8+ Nxd8 10. Bb5+ Ndc6 11. Na3 a6 12. Bxc6+ Nxc6 13. O-O Bg4 14.
Bf4 Bxf3 15. gxf3 Nd4 16. Kg2 g5 17. Bg3 h5 18. h3 Bg7 19. Rfe1 Rh6 20. Re4 Ne6
21. Rae1 O-O-O 22. Nc4 Nc5 23. R4e3 b5 24. Rc3 Kb7 25. Na5+ Kb6 26. Rxc5 Kxa5
27. e6 Rf8 28. Bc7+ Kb4 29. Rxg5 Bxb2 30. Re3 Bf6 31. Rf5 Rg8+ 32. Kf1 fxe6 33.
a3+ Kc4 34. Rxe6 Ra8 35. Re3 Rc8 36. Ba5 Rhh8 37. Ke2 Rc6 38. Rd3 Bd4 39. Bb4
e5 40. f4 e4 41. Rg3 h4 42. Rgg5 Kb3 43. Rd5 Rc2+ 44. Kd1 Bxf2 45. Rd2 Rxd2+
46. Kxd2 Rc8 47. Ke2 Rc2+ 48. Kf1 Bg3 49. f5 e3 50. Kg1 e2 51. f6 Rc3 52. Bxc3
Kxc3 53. Rc5+ Kd2 54. Rd5+ Ke3 55. Rf5 e1=Q+ 56. Kg2 Qe2+ 57. Kg1 Qh2+ 58. Kf1
Qxh3+ 59. Kg1 Qxf5 60. f7 Qf2+ 61. Kh1 Qh2# 0-1

[Event "Lichtenberger Sommer 2024"]
[Site "Berlin"]
[Date "2024.08.14"]
[Round "5.30"]
[White "Semahin, Volodymyr"]
[Black "Sabrowski, Uwe"]
[Result "1-0"]
[WhiteElo "1715"]
[BlackElo "1992"]
[PlyCount "77"]
[EventDate "2024.08.10"]
[WhiteTeam "vereinslos"]
[BlackTeam "SC Friesen Lichtenberg e.V."]

1. Nf3 f5 2. d4 Nf6 3. c4 d6 4. Nc3 g6 5. e3 Bg7 6. Be2 O-O 7. Qc2 Qe8 8. e4 e5
9. dxe5 dxe5 10. Bg5 c6 11. O-O-O Na6 12. Nd2 Nc5 13. Be3 Ne6 14. Nb3 f4 15.
Bd2 a5 16. Na4 Bd7 17. c5 Qe7 18. Bc4 Kh8 19. f3 Be8 20. Nb6 Ra7 21. Nc8 Qd7
22. Nxa7 a4 23. Bc3 Qe7 24. Bxe6 Qxe6 25. Rd6 Qf7 26. Nd2 Qxa2 27. Nc8 Nd7 28.
Bb4 Rf7 29. Qc4 Qa1+ 30. Nb1 Bf8 31. Qe6 Nf6 32. Rd8 Kg7 33. Rhd1 Re7 34. Nxe7
Bf7 35. Qd6 Ba2 36. Nf5+ gxf5 37. Qxf8+ Kg6 38. Bc3 Bxb1 39. R8d6 1-0

[Event "Lichtenberger Sommer 2024"]
[Site "Berlin"]
[Date "2024.08.14"]
[Round "5.31"]
[White "Schmidt, Alexander Nadvid"]
[Black "Kutschke, Jens"]
[Result "0-1"]
[WhiteElo "1683"]
[BlackElo "1965"]
[PlyCount "54"]
[EventDate "2024.08.10"]
[WhiteTeam "SK Zehlendorf e.V."]
[BlackTeam "SF Berlin 1903 e.V."]

1. e4 c5 2. Nf3 Nc6 3. Nc3 g6 4. Bb5 Bg7 5. Bxc6 dxc6 6. h3 e5 7. d3 Ne7 8. Be3
Qd6 9. a4 a5 10. Qd2 O-O 11. Bh6 f5 12. Bxg7 Kxg7 13. exf5 Nxf5 14. Ne4 Qd5 15.
Qc3 Nd4 16. Nfd2 b6 17. Nc4 Rb8 18. Ne3 Qf7 19. Qd2 Bf5 20. Ng3 Be6 21. Ng4 Qf4
22. Ne3 b5 23. Ne4 Bd5 24. Nxc5 Bxg2 25. Kd1 Bxh1 26. c3 Qf3+ 27. Ke1 Rbe8 0-1

[Event "Lichtenberger Sommer 2024"]
[Site "Berlin"]
[Date "2024.08.14"]
[Round "5.32"]
[White "Schäfer, Heiko"]
[Black "Eis, Cedric"]
[Result "1-0"]
[WhiteElo "1962"]
[BlackElo "1860"]
[PlyCount "75"]
[EventDate "2024.08.10"]
[WhiteTeam "Potsdamer SV Mitte e.V."]
[BlackTeam "SF Berlin 1903 e.V."]

1. c4 Nf6 2. d4 e6 3. g3 d5 4. Bg2 c6 5. Nf3 Be7 6. O-O O-O 7. Qc2 b6 8. Nbd2
Bb7 9. e4 dxe4 10. Nxe4 Nxe4 11. Qxe4 Bf6 12. Rd1 Qe7 13. Ne5 Rd8 14. Be3 Rd6
15. c5 bxc5 16. dxc5 Rd5 17. Nc4 Na6 18. Qc2 Nb4 19. Qb3 Rxd1+ 20. Rxd1 Nd5 21.
Na5 Bc8 22. Nxc6 Qc7 23. Nd4 Rb8 24. Qa4 Bd7 25. c6 Bxd4 26. Qxd4 Bxc6 27. Bxd5
Bxd5 28. Bf4 Qb7 29. Bxb8 Qxb8 30. Rc1 h6 31. Qc3 Qb5 32. b3 Qe2 33. Qc8+ Kh7
34. Qc2+ Qxc2 35. Rxc2 a5 36. Rc5 a4 37. bxa4 Bxa2 38. a5 1-0

[Event "Lichtenberger Sommer 2024"]
[Site "Berlin"]
[Date "2024.08.14"]
[Round "5.33"]
[White "Albrecht, Constantin"]
[Black "Schmidt, Florian Pascal"]
[Result "0-1"]
[WhiteElo "1667"]
[BlackElo "1959"]
[PlyCount "58"]
[EventDate "2024.08.10"]
[WhiteTeam "SV Empor Berlin e.V."]
[BlackTeam "BSV 63 Chemie Weißensee"]

1. f4 d5 2. Nf3 Nf6 3. b3 g6 4. Bb2 Bg7 5. e3 O-O 6. Be2 c5 7. O-O Nc6 8. Ne5
Qc7 9. d4 Ne4 10. Nd2 Nxe5 11. Nxe4 dxe4 12. fxe5 Bh6 13. Bc1 Bd7 14. c3 Rad8
15. Qe1 Qa5 16. Bd2 Bg7 17. Qh4 cxd4 18. exd4 e3 19. Be1 Qa3 20. Bc4 b5 21. Bd3
Bc6 22. Qf4 Qb2 23. Be4 Bxe4 24. Qxe4 e2 25. Bh4 exf1=Q+ 26. Rxf1 Qxc3 27. Bxe7
Qxd4+ 28. Qxd4 Rxd4 29. Bxf8 Bxf8 0-1

[Event "Lichtenberger Sommer 2024"]
[Site "Berlin"]
[Date "2024.08.14"]
[Round "5.34"]
[White "Pueschel, Werner"]
[Black "Uhlenbrock, Sven"]
[Result "1-0"]
[WhiteElo "2013"]
[BlackElo "1780"]
[PlyCount "61"]
[EventDate "2024.08.10"]
[WhiteTeam "vereinslos"]
[BlackTeam "vereinslos"]

1. f4 g6 2. Nf3 Bg7 3. e3 d5 4. Nc3 Nf6 5. b3 O-O 6. Bb2 c5 7. Be2 Nc6 8. d4
cxd4 9. Nxd4 Nxd4 10. exd4 Qc7 11. O-O Bf5 12. g4 Be4 13. Rc1 Qd7 14. g5 Ne8
15. Nxe4 dxe4 16. Bg4 Qc7 17. Qe2 Nd6 18. c4 Rfd8 19. Rcd1 b6 20. f5 gxf5 21.
Bxf5 Nxf5 22. Rxf5 Qc6 23. Rf2 Qg6 24. Rg2 Rd7 25. Rg4 Rad8 26. Qxe4 Qxe4 27.
Rxe4 e6 28. Kf2 h6 29. gxh6 Bxh6 30. Rg1+ Kf8 31. Ba3+ 1-0

[Event "Lichtenberger Sommer 2024"]
[Site "Berlin"]
[Date "2024.08.14"]
[Round "5.35"]
[White "Möller, Jared William"]
[Black "Özates, Mert"]
[Result "1-0"]
[WhiteElo "1991"]
[BlackElo "1854"]
[PlyCount "153"]
[EventDate "2024.08.10"]
[WhiteTeam "SV Glück auf Rüdersdorf e.V."]
[BlackTeam "SG NARVA Berlin e.V."]

1. d4 Nf6 2. c4 e6 3. Nf3 d5 4. g3 Bb4+ 5. Nbd2 dxc4 6. Bg2 b5 7. Ne5 Nd5 8.
O-O Bb7 9. a4 a6 10. axb5 axb5 11. Rxa8 Bxa8 12. Ndxc4 O-O 13. Nd2 Nd7 14. Nd3
Be7 15. Qb3 Qb8 16. Ne4 Qb6 17. Bd2 N5f6 18. Nxf6+ Bxf6 19. Bxa8 Rxa8 20. d5
exd5 21. Qxd5 Rd8 22. Be3 Qb8 23. Nb4 Ne5 24. Qc5 Qb7 25. Bf4 Nc4 26. b3 Nd2
27. Bxd2 Rxd2 28. Qe3 Rd8 29. Nd3 Qd5 30. Nf4 Qe5 31. Qxe5 Bxe5 32. Nd3 Bd4 33.
Rc1 Bb6 34. Kg2 Kf8 35. h4 h5 36. Rc2 g6 37. Nc5 Rd5 38. Ne4 Rd4 39. Kf3 Ke7
40. e3 Rd5 41. b4 Rd1 42. Nc3 Ra1 43. Nxb5 Kd7 44. Nc3 Ra3 45. Kf4 Rb3 46. Nd5
Kd6 47. e4 Rb1 48. Rd2 Ke6 49. Kg5 Rf1 50. Nxb6 cxb6 51. Kf4 Rb1 52. Rd4 Rb3
53. e5 Ke7 54. Ke4 Rb2 55. Kd5 Rxf2 56. Kc6 Rf3 57. g4 hxg4 58. Rxg4 Re3 59.
Kxb6 Rxe5 60. b5 Re1 61. Rd4 f5 62. Kc7 Rc1+ 63. Kb7 Ke6 64. b6 Ke5 65. Rb4 f4
66. Ka6 Rc6 67. Kb5 Rf6 68. b7 Rf8 69. Kc4 Ke4 70. b8=Q Rxb8 71. Rxb8 f3 72.
Rf8 Ke3 73. Kd5 f2 74. Ke5 Ke2 75. Rf6 Ke3 76. Rf4 Ke2 77. Kf6 1-0

[Event "Lichtenberger Sommer 2024"]
[Site "Berlin"]
[Date "2024.08.14"]
[Round "5.36"]
[White "Potgieter, Edward"]
[Black "Scholz, Alexander"]
[Result "1-0"]
[WhiteElo "1848"]
[BlackElo "1977"]
[PlyCount "73"]
[EventDate "2024.08.10"]
[WhiteTeam "Johannesburg Metro Chess"]
[BlackTeam "Sfr.Heidesheim"]

1. e4 c5 2. Nf3 g6 3. d4 cxd4 4. Nxd4 Nc6 5. c4 Nf6 6. Nc3 d6 7. Be2 Nxd4 8.
Qxd4 Bg7 9. Be3 O-O 10. Qd2 Be6 11. O-O Qa5 12. Rac1 Rfc8 13. b3 a6 14. f4 b5
15. f5 b4 16. fxe6 bxc3 17. Qxc3 Qxc3 18. exf7+ Kf8 19. Rxc3 Nxe4 20. Rd3 Nc5
21. Rd5 a5 22. Bg4 Rc7 23. Bf4 Ra6 24. Bd1 Rd7 25. Be3 Rc7 26. Bc2 e6 27. Rdd1
Nd7 28. Bd3 Ne5 29. Be2 Rxf7 30. c5 Ra8 31. Rxd6 Ke7 32. Rb6 Rxf1+ 33. Kxf1
Rf8+ 34. Ke1 Nd7 35. Rb7 Bc3+ 36. Kd1 Kd8 37. c6 1-0

[Event "Lichtenberger Sommer 2024"]
[Site "Berlin"]
[Date "2024.08.14"]
[Round "5.37"]
[White "Bruening, Wolfgang"]
[Black "Costello, Colin"]
[Result "0-1"]
[WhiteElo "1840"]
[BlackElo "1956"]
[PlyCount "44"]
[EventDate "2024.08.10"]
[WhiteTeam "vereinslos"]
[BlackTeam "SC Zugzwang 95 e.V."]

1. d4 Nf6 2. Nf3 d5 3. c4 e6 4. cxd5 exd5 5. Bg5 Bd6 6. e3 O-O 7. Bd3 Bg4 8.
Nc3 c6 9. h3 Bh5 10. g4 Bg6 11. Ne5 Re8 12. f4 Bxd3 13. Qxd3 Nbd7 14. O-O Qb6
15. Rf2 Bb4 16. Raf1 Bxc3 17. bxc3 Nxe5 18. dxe5 Ne4 19. Rf3 Qb2 20. Rb1 Qxa2
21. Bh4 Nd2 22. Rf2 Qxb1+ 0-1

[Event "Lichtenberger Sommer 2024"]
[Site "Berlin"]
[Date "2024.08.14"]
[Round "5.38"]
[White "Andersen, Guttorm"]
[Black "Scheide, Helmut"]
[Result "1/2-1/2"]
[WhiteElo "1835"]
[BlackElo "1946"]
[PlyCount "36"]
[EventDate "2024.08.10"]
[WhiteTeam "SK Stjernen"]
[BlackTeam "USV Potsdam e.V., Abt. Schach"]

1. d4 Nf6 2. c4 e6 3. Nc3 Bb4 4. e3 c5 5. Nge2 Nc6 6. a3 cxd4 7. exd4 Be7 8. d5
Ne5 9. d6 Bxd6 10. Qxd6 Nxc4 11. Qb4 d5 12. Nd4 a5 13. Qb3 e5 14. Nxd5 Qxd5 15.
Bxc4 Qxd4 16. Bxf7+ Ke7 17. Be3 a4 18. Qc2 Qe4 1/2-1/2

[Event "Lichtenberger Sommer 2024"]
[Site "Berlin"]
[Date "2024.08.14"]
[Round "5.39"]
[White "Reiche, Henry"]
[Black "Sklorz, Tobias"]
[Result "1/2-1/2"]
[WhiteElo "1945"]
[BlackElo "1843"]
[PlyCount "97"]
[EventDate "2024.08.10"]
[WhiteTeam "SG Weißensee 49 e.V."]
[BlackTeam "TSV Mariendorf 1897"]

1. e4 c5 2. Nf3 d6 3. d4 cxd4 4. Nxd4 Nf6 5. Nc3 g6 6. Be2 Bg7 7. O-O O-O 8.
Be3 Nc6 9. Nb3 Bd7 10. f3 Rc8 11. Qd2 a6 12. Bh6 b5 13. Bxg7 Kxg7 14. Nd1 Ne5
15. c3 a5 16. Kh1 Nc4 17. Bxc4 bxc4 18. Nd4 e5 19. Ne2 Be6 20. Ne3 d5 21. exd5
Nxd5 22. Rad1 Nxe3 23. Qxe3 Qc7 24. Rd2 Rfd8 25. Rfd1 Rxd2 26. Rxd2 Qc5 27.
Qxc5 Rxc5 28. Kg1 Rd5 29. Rxd5 Bxd5 30. Kf2 f5 31. Nc1 Kf6 32. b4 axb4 33. cxb4
Bc6 34. Ne2 Ke6 35. Nc3 g5 36. a4 Kd6 37. g3 h6 38. h4 Ba8 39. a5 Kc6 40. hxg5
hxg5 41. f4 exf4 42. gxf4 g4 43. Ke3 Kd6 44. Ne2 Be4 45. Kd4 Bd3 46. Nc3 g3 47.
Ke3 g2 48. Kf2 Be4 49. Kg1 1/2-1/2

[Event "Lichtenberger Sommer 2024"]
[Site "Berlin"]
[Date "2024.08.14"]
[Round "5.40"]
[White "Berndt, Ronson"]
[Black "Argote, Carlos David"]
[Result "0-1"]
[WhiteElo "1813"]
[BlackElo "1941"]
[PlyCount "79"]
[EventDate "2024.08.10"]
[WhiteTeam "SC Borussia Lichtenberg"]
[BlackTeam "SK Zehlendorf e.V."]

1. e4 c5 2. Nf3 d6 3. d4 cxd4 4. Nxd4 Nf6 5. Nc3 g6 6. Be2 Bg7 7. Be3 Nc6 8. f3
Bd7 9. Qd2 Rc8 10. O-O O-O 11. Nxc6 Bxc6 12. Nb5 Bxb5 13. Bxb5 a6 14. Be2 Nd7
15. c3 Ne5 16. Rfd1 Nc4 17. Bxc4 Rxc4 18. Qd5 Qc7 19. Qd2 b5 20. a3 Rc8 21. Qd5
Qc6 22. Qxc6 R8xc6 23. Kf2 f5 24. exf5 gxf5 25. Bg5 Kf7 26. Rd3 e5 27. Rad1 Ke6
28. Rc1 e4 29. fxe4 fxe4 30. Rh3 R6c5 31. Be3 Rf5+ 32. Ke2 h5 33. Rf1 Rxf1 34.
Kxf1 a5 35. Rxh5 b4 36. Rxa5 bxc3 37. bxc3 Rxc3 38. Bd2 Rc2 39. Ke1 e3 40. Bxe3
0-1

[Event "Lichtenberger Sommer 2024"]
[Site "Berlin"]
[Date "2024.08.14"]
[Round "5.41"]
[White "Schmidt, Fabian"]
[Black "Shevlyakov, Aleksandr"]
[Result "1-0"]
[WhiteElo "1934"]
[BlackElo "1824"]
[PlyCount "115"]
[EventDate "2024.08.10"]
[WhiteTeam "SV Königsjäger Süd-West e.V."]
[BlackTeam "vereinslos"]

1. e4 c5 2. Nf3 Nc6 3. Bb5 Nf6 4. Bxc6 dxc6 5. d3 g6 6. b3 Bg7 7. Bb2 Qc7 8.
O-O Bg4 9. Nbd2 O-O 10. h3 Bxf3 11. Nxf3 Rfe8 12. Be5 Qb6 13. Qc1 Nd7 14. Bxg7
Kxg7 15. Qb2+ e5 16. Nd2 Nf8 17. Nc4 Qc7 18. f4 f6 19. fxe5 fxe5 20. Rf2 b5 21.
Ne3 Ne6 22. Raf1 Rf8 23. Qc3 Rxf2 24. Rxf2 Qd6 25. Ng4 Nd4 26. Qd2 Rf8 27. Qh6+
Kg8 28. Rxf8+ Qxf8 29. Qxf8+ Kxf8 30. Nxe5 Ke8 31. Kf2 b4 32. Nf3 Nxc2 33. Ng5
Nd4 34. Nxh7 Nb5 35. Ng5 Ke7 36. Nf3 Nc3 37. Ke1 Nxa2 38. Kd2 Ke6 39. h4 Nc3
40. g4 Nb5 41. Ke3 Nd6 42. Kf4 a5 43. h5 gxh5 44. gxh5 Nf7 45. Ke3 Nh6 46. Nd2
Ng4+ 47. Ke2 Ke5 48. Nc4+ Kd4 49. Kd2 Nh2 50. h6 Nf3+ 51. Kc2 a4 52. h7 Ne1+
53. Kd2 Nf3+ 54. Ke2 Kc3 55. h8=Q+ Nd4+ 56. Qxd4+ cxd4 57. bxa4 b3 58. a5 1-0

[Event "Lichtenberger Sommer 2024"]
[Site "Berlin"]
[Date "2024.08.14"]
[Round "5.42"]
[White "Stark, Ingo"]
[Black "Guder, Sibylle"]
[Result "1/2-1/2"]
[WhiteElo "2020"]
[BlackElo "1915"]
[PlyCount "63"]
[EventDate "2024.08.10"]
[WhiteTeam "TSG Oberschöneweide e.V."]
[BlackTeam "SF Berlin 1903 e.V."]

1. e4 c5 2. Nf3 d6 3. d4 cxd4 4. Nxd4 Nf6 5. Nc3 a6 6. h3 e5 7. Nde2 h5 8. g3
Be6 9. Bg2 b5 10. Be3 Nbd7 11. a4 b4 12. Nd5 a5 13. c3 bxc3 14. Nexc3 Nxd5 15.
Nxd5 Bxd5 16. Qxd5 Be7 17. O-O O-O 18. Rfc1 Qb8 19. b3 Rc8 20. Rxc8+ Qxc8 21.
Rc1 Qb8 22. Bf1 Nf6 23. Qc6 Qe8 24. Qc4 Rb8 25. Bd2 Bd8 26. Qc2 Qe6 27. Qc4 Qd7
28. Bg2 Bb6 29. Qa6 Qa7 30. Rc8+ Rxc8 31. Qxc8+ Kh7 32. Qf5+ 1/2-1/2

[Event "Lichtenberger Sommer 2024"]
[Site "Berlin"]
[Date "2024.08.14"]
[Round "5.43"]
[White "Schmidt, Dietrich"]
[Black "Rauscher, Joachim"]
[Result "1/2-1/2"]
[WhiteElo "1932"]
[BlackElo "1803"]
[PlyCount "67"]
[EventDate "2024.08.10"]
[WhiteTeam "SV Empor Berlin e.V."]
[BlackTeam "SC Brett vorm Kopp Ffm"]

1. e4 c5 2. Nc3 Nc6 3. f4 g6 4. Bc4 e6 5. Nf3 Bg7 6. O-O Nge7 7. d3 d6 8. Qe1
O-O 9. f5 Na5 10. Bg5 f6 11. Be3 Nxc4 12. dxc4 exf5 13. Rd1 Qb6 14. Qd2 Be6 15.
b3 Rad8 16. Kh1 fxe4 17. Nxe4 Nf5 18. Bg1 Qc6 19. Nc3 Rfe8 20. Rfe1 Bf7 21. Qf2
Nh6 22. Rd3 Rxe1 23. Qxe1 Re8 24. Qd2 Nf5 25. Nd5 g5 26. Qf2 Bxd5 27. Rxd5 Ne3
28. Rd3 Ng4 29. Qd2 Re6 30. h3 Nh6 31. Bh2 Nf7 32. Rd5 Ne5 33. Ne1 Nf7 34. Nf3
1/2-1/2

[Event "Lichtenberger Sommer 2024"]
[Site "Berlin"]
[Date "2024.08.14"]
[Round "5.44"]
[White "Reddi, Bhuvana"]
[Black "Ollhoff, Hannes"]
[Result "1-0"]
[WhiteElo "1927"]
[BlackElo "1802"]
[PlyCount "47"]
[EventDate "2024.08.10"]
[WhiteTeam "SC Weisse Dame e.V."]
[BlackTeam "TSG Oberschöneweide e.V."]

1. e4 e6 2. d4 d5 3. exd5 exd5 4. Bd3 Bd6 5. Qf3 Ne7 6. Ne2 Nbc6 7. c3 Be6 8.
Nf4 Qd7 9. Na3 Bxa3 10. bxa3 Bf5 11. Rb1 Bxd3 12. Nxd3 b6 13. O-O O-O 14. Bf4
Rfe8 15. Qg3 Nf5 16. Qg4 g6 17. Rfe1 Rxe1+ 18. Rxe1 Rd8 19. h3 Nd6 20. Qh4 Re8
21. Rxe8+ Qxe8 22. Ne5 Nd8 23. Ng4 Ne4 24. f3 1-0

[Event "Lichtenberger Sommer 2024"]
[Site "Berlin"]
[Date "2024.08.14"]
[Round "5.45"]
[White "Mayer, Herbert"]
[Black "Muskewitz, Bernd"]
[Result "1/2-1/2"]
[WhiteElo "1802"]
[BlackElo "1927"]
[PlyCount "35"]
[EventDate "2024.08.10"]
[WhiteTeam "SSV Rotation Berlin e.V."]
[BlackTeam "SF Nordost Berlin"]

1. b3 e5 2. Bb2 Nc6 3. e3 d5 4. Bb5 e4 5. d3 Qg5 6. g3 Bg4 7. Bxc6+ bxc6 8. Qd2
Nf6 9. Nc3 Qf5 10. Nce2 c5 11. h3 Bf3 12. g4 Qg5 13. Nxf3 exf3 14. Ng3 h5 15.
e4 Qxd2+ 16. Kxd2 hxg4 17. Bxf6 gxf6 18. hxg4 1/2-1/2

[Event "Lichtenberger Sommer 2024"]
[Site "Berlin"]
[Date "2024.08.14"]
[Round "5.46"]
[White "Mazurtsova, Margarita"]
[Black "Jeß, Arne"]
[Result "0-1"]
[WhiteElo "1792"]
[BlackElo "1918"]
[PlyCount "100"]
[EventDate "2024.08.10"]
[WhiteTeam "SC Kreuzberg e.V."]
[BlackTeam "TSG Rot-Weiß Fredersdorf/Vogelsd"]

1. c4 e5 2. Nc3 Nf6 3. g3 c6 4. e4 Bb4 5. Bg2 O-O 6. Nge2 Re8 7. O-O h6 8. a3
Bxc3 9. Nxc3 Na6 10. b4 Nc7 11. Bb2 d5 12. cxd5 cxd5 13. exd5 Ncxd5 14. Nxd5
Nxd5 15. Re1 Nb6 16. Bxe5 Re7 17. Bc3 Be6 18. a4 Rd7 19. Qh5 Nc4 20. d3 Rxd3
21. Rac1 Qd7 22. Qh4 Nd6 23. b5 Rc8 24. Bb2 Rxc1 25. Bxc1 Nf5 26. Qe4 Rd1 27.
Bb2 Rxe1+ 28. Qxe1 Nd6 29. Qe5 f6 30. Qd4 b6 31. Bc6 Qe7 32. Ba3 Nxb5 33. axb5
Qxa3 34. Qd8+ Kh7 35. Qe8 Bh3 36. Qe4+ f5 37. Qb1 Qc5 38. Bd7 Qd5 39. Bc6 Qe6
40. Qd1 a5 41. Bd7 Qe5 42. Bc6 a4 43. Bd5 a3 44. f4 Qe3+ 45. Kh1 Bg4 46. Qb1
Bf3+ 47. Bxf3 Qxf3+ 48. Kg1 Qe3+ 49. Kf1 Qe4 50. Qa2 Qh1+ 0-1

[Event "Lichtenberger Sommer 2024"]
[Site "Berlin"]
[Date "2024.08.14"]
[Round "5.47"]
[White "Allington, John C"]
[Black "Schmidt, Jürgen"]
[Result "1/2-1/2"]
[WhiteElo "1735"]
[BlackElo "1915"]
[PlyCount "98"]
[EventDate "2024.08.10"]
[WhiteTeam "vereinslos"]
[BlackTeam "SC Kreuzberg e.V."]

1. d4 d5 2. c4 c6 3. Nf3 Nf6 4. Nc3 e6 5. e3 Nbd7 6. Bd3 dxc4 7. Bxc4 b5 8. Bd3
Bb7 9. O-O a6 10. Qe2 c5 11. Rd1 b4 12. Na4 cxd4 13. exd4 Bd6 14. Be3 Ng4 15.
Bg5 Qb8 16. h3 h6 17. Bd2 Ngf6 18. b3 O-O 19. Rac1 Rc8 20. Nb2 Rxc1 21. Rxc1
Nd5 22. Nc4 Nf4 23. Qf1 Bxf3 24. gxf3 Nxd3 25. Qxd3 Bf4 26. Na5 Bxd2 27. Qxd2
Qb5 28. Nc6 Re8 29. Nxb4 Qh5 30. Kg2 a5 31. Nc6 Nf6 32. Rc5 Nd5 33. Ne5 Ra8 34.
Nd3 Qg6+ 35. Kh2 Qf5 36. Kg2 a4 37. Kg3 axb3 38. axb3 Qg6+ 39. Kh2 Ra1 40. Rc8+
Kh7 41. Rc1 Rxc1 42. Nxc1 Qf6 43. Qd3+ Kg8 44. Ne2 Qh4 45. Kg2 Qg5+ 46. Kf1 Qh4
47. Kg2 Qg5+ 48. Kf1 Qh4 49. Kg2 Qg5+ 1/2-1/2

[Event "Lichtenberger Sommer 2024"]
[Site "Berlin"]
[Date "2024.08.14"]
[Round "5.48"]
[White "Hauer, Andreas"]
[Black "Teusch, Lucas"]
[Result "1-0"]
[WhiteElo "1911"]
[BlackElo "1776"]
[PlyCount "61"]
[EventDate "2024.08.10"]
[WhiteTeam "SC Turm Illingen"]
[BlackTeam "Leegebrucher SF"]

1. Nf3 Nf6 2. b3 d5 3. Bb2 c5 4. g3 e6 5. Bg2 Be7 6. O-O O-O 7. d3 b6 8. Nbd2
Bb7 9. Re1 Nc6 10. e4 dxe4 11. dxe4 Qc7 12. c3 Rfd8 13. Qc2 e5 14. Nc4 b5 15.
Ne3 b4 16. c4 Nd4 17. Bxd4 cxd4 18. Nd5 Nxd5 19. exd5 Rxd5 20. Nxe5 Rxe5 21.
Rxe5 Qxe5 22. Bxb7 d3 23. Qd1 Rd8 24. Bd5 Bf6 25. Rb1 Qd4 26. Qf3 Re8 27. Rd1
d2 28. Kg2 Qc3 29. Qh5 g6 30. Qg4 h5 31. Qxg6+ 1-0

[Event "Lichtenberger Sommer 2024"]
[Site "Berlin"]
[Date "2024.08.14"]
[Round "5.49"]
[White "Bradschetl, Tom"]
[Black "Kapp, Frank"]
[Result "1/2-1/2"]
[WhiteElo "1662"]
[BlackElo "1905"]
[PlyCount "114"]
[EventDate "2024.08.10"]
[WhiteTeam "SG NARVA Berlin e.V."]
[BlackTeam "TSV IFA Chemnitz"]

1. e4 e6 2. d4 d5 3. exd5 exd5 4. Bd3 Nf6 5. Ne2 Bg4 6. Bf4 Bd6 7. f3 Bh5 8.
O-O c6 9. Qe1 O-O 10. Qg3 Bxf4 11. Nxf4 Qb6 12. Qf2 Qxb2 13. Nd2 Qa3 14. Rfb1
b6 15. Rb3 Qd6 16. g3 Bg6 17. Re1 Bxd3 18. Nxd3 Nbd7 19. Ne5 Rfe8 20. Rbe3 Nf8
21. Kg2 Ne6 22. Nb3 Rec8 23. Nxf7 Kxf7 24. Rxe6 Qxe6 25. Rxe6 Kxe6 26. Qe3+ Kf7
27. Nc1 Re8 28. Qf4 Rac8 29. Kf2 c5 30. dxc5 Rxc5 31. Qa4 a5 32. Nd3 Rc4 33.
Qb3 b5 34. Qb2 b4 35. Ne5+ Rxe5 36. Qxe5 Rxc2+ 37. Ke3 Rxa2 38. g4 h6 39. h4
Ra3+ 40. Kd4 g5 41. hxg5 hxg5 42. f4 Rc3 43. fxg5 Rc4+ 44. Kd3 Rc3+ 45. Ke2 Nd7
46. Qxd5+ Ke8 47. Qa8+ Kf7 48. Qa7 Ke8 49. Qxa5 Rc5 50. Qa8+ Kf7 51. Qb7 Ke8
52. Kf2 Rxg5 53. Qxb4 Nf6 54. Qf4 Nxg4+ 55. Ke2 Rg7 56. Qa4+ Kf7 57. Qd7+ Kg8
1/2-1/2